| 000 | 02776cam a2200469 i 4500 | ||
|---|---|---|---|
| 001 | 11012535 | ||
| 003 | ARRUPE | ||
| 005 | 20150302134029.0 | ||
| 008 | 140409s2015 enk bd 001 0 eng | ||
| 010 | _a 2014013107 | ||
| 020 | _a9781441162007 (hardback) | ||
| 020 | _a1441162003 (hardback) | ||
| 020 | _a9781441160751 (paperback) | ||
| 020 | _a1441160752 (paperback) | ||
| 020 | _z9781441181145 (epub) | ||
| 024 | _a99960541288 | ||
| 035 | _a(OCoLC)ocn869437644 | ||
| 035 | _a(OCoLC)869437644 | ||
| 035 | _a(NNC)11012535 | ||
| 040 |
_aDLC _erda _beng _cDLC _dYDX _dYDXCP _dBTCTA _dBDX _dOCLCF _dCDX _dUKMGB |
||
| 042 | _apcc | ||
| 050 | 0 | 0 |
_aREF B3311 _b.B87 2015 |
| 082 | 0 | 0 |
_a193 _223 |
| 084 |
_aPHI026000 _aPHI006000 _2bisacsh |
||
| 100 | 1 |
_aBurnham, Douglas, _eauthor. _915235 |
|
| 245 | 1 | 4 |
_aThe Nietzsche Dictionary / _cDouglas Burnham. |
| 260 |
_aLondon _bBloomsbury _c2015 |
||
| 300 |
_a360 pages ; _c23 cm. |
||
| 490 | 1 | _aBloomsbury philosophy dictionaries | |
| 504 | _aIncludes bibliographical references and index. | ||
| 505 | 8 | _aMachine generated contents note: -- Acknowledgements -- How to Use This Book -- Nietzsche's Life -- The A-Z Dictionary -- Guide to Further Reading -- Index. | |
| 520 | _a"Nietzsche is not difficult to read, but he is famously difficult to understand. This is because of the bewildering array of words, phrases or metaphors that he uses. The Nietzsche Dictionary aims to help, by giving readers a road map to Nietzsche's language, and thus how his terminology and images relate together, forming an overall philosophical picture. The Dictionary also includes synopses of Nietzsche's key works, and short articles on the main philosophical and cultural influences leading up to, and resulting from, Nietzsche. It is designed to be a resource that all readers of Nietzsche will find invaluable, from beginners to more advanced readers.In order to make the book easy to use and navigate, all entries are treated thematically and are of seven types:1. Influences on, or the contemporary context of, Nietzsche2. Major influences of Nietzsche3. Key concepts4. Key metaphors or images5. Alternative translations of the above6. Other words or phrases found in Nietzsche that are cross-referenced to a main entry7. Synopses of major works by Nietzsche"-- | ||
| 600 | 1 | 0 |
_aNietzsche, Friedrich Wilhelm, _d1844-1900 _vDictionaries. _915236 |
| 600 | 1 | 7 |
_aNietzsche, Friedrich Wilhelm, _d1844-1900. _2fast _915237 |
| 650 | 7 |
_aPHILOSOPHY / Criticism. _2bisacsh _915238 |
|
| 650 | 7 |
_aPHILOSOPHY / Movements / Existentialism. _2bisacsh _915239 |
|
| 655 | 7 |
_aDictionaries. _2fast _915240 |
|
| 830 | 0 |
_aBloomsbury philosophy dictionaries. _915241 |
|
| 942 |
_2lcc _cREFERENCE |
||
| 948 | 1 |
_a20141218 _bc _cjeb52 _dMPS |
|
| 999 |
_c122081 _d122081 |
||